000
00232nam a22000857a 4500
008
160718b xxu||||| |||| 00| 0 eng d
100
_9
3029
_a
Gupta, R.G
245
_a
Composite Mathematics - Introductory
260
_a
New Delhi
_b
Arya
_c
2006
999
_c
2592
_d
2592